000 00615nam a22001457a 4500
005 20250515093533.0
008 250305b |||||||| |||| 00| 0 eng d
020 _a155874505X
082 _21997
_aDC C432
245 _aChicken soup for little souls :
_bthe goodness gorillas (story adapted from "practice random acts of kindness and senseless acts of beauty" by adair lara) /
_cIllustrated by: Pat Grant Porter
260 _aDeerfield Beach, FL :
_bHealth communications, Inc.,
_c©1997.
300 _a32 pages :
_bcolor illustrations ;
_c31 cm.
700 _aPorter, Pat Grant.
_965683
_eillustrator.
942 _2ddc
_cDC
999 _c23564
_d23564